You can fail : (Record no. 134523)

MARC details
000 -LEADER
fixed length control field 00679nam a22002177a 4500
005 - DATE AND TIME OF LATEST TRANSACTION
control field 20170124110227.0
010 ## - LIBRARY OF CONGRESS CONTROL NUMBER
LC control number B-148556
020 ## - INTERNATIONAL STANDARD BOOK NUMBER
Terms of availability 00.00
International Standard Book Number 007058351
035 ## - SYSTEM CONTROL NUMBER
System control number B-148556
037 ## - SOURCE OF ACQUISITION
Source of stock number/acquisition Cen Lib/Ret
040 ## - CATALOGING SOURCE
Original cataloging agency DPL
Language of cataloging EN
082 ## - DEWEY DECIMAL CLASSIFICATION NUMBER
Classification number 158.1
Item number KAN
100 ## - MAIN ENTRY--PERSONAL NAME
Personal name Kandula, Srinivas R
9 (RLIN) 40974
245 ## - TITLE STATEMENT
Title You can fail :
Statement of responsibility, etc by Srinivas R Kandula
Remainder of title coping with failure getting ahead /
260 ## - PUBLICATION, DISTRIBUTION, ETC. (IMPRINT)
Place of publication, distribution, etc New Delhi
Name of publisher, distributor, etc Tata McGraw-Hill
Date of publication, distribution, etc 2004
270 ## - ADDRESS
Address 7 West Patel Nagar
City New Delhi
Postal code 110008
300 ## - PHYSICAL DESCRIPTION
Extent xv,275p.
Dimensions 21cm(Hb)
650 ## - SUBJECT ADDED ENTRY--TOPICAL TERM
Topical term or geographic name as entry element Self--Centric failures
9 (RLIN) 40975
650 ## - SUBJECT ADDED ENTRY--TOPICAL TERM
Topical term or geographic name as entry element Relationship--Centric failures
9 (RLIN) 40976
942 ## - ADDED ENTRY ELEMENTS (KOHA)
Source of classification or shelving scheme Dewey Decimal Classification
Koha item type English Books
Classification part 158.1
Call number suffix KAN
Holdings
Withdrawn status Lost status Damaged status Not for loan Home library Current library Date acquired Source of acquisition Cost, normal purchase price Total Checkouts Total Renewals Full call number Barcode Date last seen Date checked out Copy number Cost, replacement price Price effective from Koha item type
        Central Library Central Library 30/07/2015 Cen Lib/Ret 0.00 6 1 158.1 KAN B-148556 12/01/2026 29/12/2025 1 0.00 30/07/2015 English Books

© Delhi Public Library
Hit Counter
free hit counter